| 000 | 00815nam a2200217Ia 4500 | ||
|---|---|---|---|
| 001 | 17142 | ||
| 003 | GE_BSU | ||
| 008 | 181216s||||||||xx |||||||||||||| ||und|| | ||
| 040 | _cGE_BSU | ||
| 080 | _a821.353.1(092გამსახურდია, კ.) + 821.353.1-94 | ||
| 100 | _aმაღრაძე, ელგუჯა | ||
| 245 | _aგულითა მართლით : Ad imo pectore | ||
| 245 | _cრედ.ნ.კალანდარიშვილი | ||
| 260 | _aთბილისი | ||
| 260 | _bნაკადული | ||
| 260 | _c1977 | ||
| 300 | _a45 გვ. ; 17 სმ. | ||
| 300 | _eკანზე სათაური: კონსტანტინე გამსახურდია. | ||
| 653 | _aგულითა მართლით : Ad imo pectore | ||
| 942 | _cBK | ||
| 999 |
_c50204 _d50204 |
||